1102 1741 1333 1855 1243 1443 1651 1163 1193 1826 1114 1756 1662 1229 1496 1070 1002 1812 1216 1354 1132 1111 1580 1512 1024 1652 1429 1761 1613 1897 1629 1706 1779 1967 1184 1454 1118 1099 1840 1472 1950 1003 1532 1468 1756 1253 1332 1014 1477 1105 1302 1978 1123 1118 1690 1827 1714 1016 1595 1390 1850 1734 1603 1292 1731 1741 1957 1452 1797 1042 1161 1124 1700 1121 1625 1645 1154 1656 1127 1837 1344 1891 1295 1380 1914 1578 1293 1950 1843 1287 1582 1943 1311 1494 1546 1297 1908 1191 1530 BCNSPRNW ULIB Ver.6.0+V

เปลี่ยนเป็นภาษาไทย

Change to English
 แสดงรายละเอียดบรรณานุกรม
  กลับหน้าหลัก

Brief Record : Get Marc (ISO 2709) : E-mail record : QR code < ปิดหน้าต่าง
LEADER : 00000nam 2200000uu 4500
001    13399110252
003     ULIB
008    110427s2547||||th 000 0 tha d
020    9742728739
060  4 WM100^bส241ส 2547
100 0  สมชาย สำราญเวชพร
245 10 เสียงหัวร่อจากห้องตรวจจิตแพทย์ /^cสมชาย สำราญเวชพร
246 32 การฝึกภาคปฏิบัติการผ่อนคลายกล้ามเนื้อ
250    พิมพ์ครั้งที่ 1
260    กรุงเทพฯ :^bหมอชาวบ้าน,^c2547
300    109 หน้า ;^c19 ซม. +^e1 วีซีดี
500    วีซีดี ให้ชื่อว่า: การฝึกภาคปฏิบัติการผ่อนคลายกล้ามเนื้อ. (CD-Med ส241ก2547)
650  2 Psychiatry^xpopular works
945    ^p130^l0^i019041
995    ทศพร
999 ^a ใช้งานได้ทุกระบบ
รายการนี้ยังไม่มีแท็ก
คุณยังไม่ได้ล็อกอิน คุณสามารถมีกิจกรรมร่วมกับเว็บไซต์ได้ แต่ต้องล็อกอินก่อน ::
  ล็อกอิน

รายการสื่อสารสนเทศ

ลำดับที่ ประเภท เลขเรียก/บาร์โค้ด สถานที่ สถานะ
- ไม่พบข้อมูล -

รายการใกล้เคียง
    ผู้แต่ง [สมชาย สำราญเวชพร]

BibComment


ยังไม่เคยถูกคอมเมนท์

คอมเมนท์ทรัพยากรรายการนี้
  คอมเมนท์: เสียงหัวร่อจากห้อ..


 Copyright 2026. Bcnsprnw @Library